[Event "Senior DM 2019-50+"]
[Site "Aarhus"]
[Date "2019.02.11"]
[Round "1"]
[White "Cordes, Steffen"]
[Black "Starup, Leo"]
[Result "1-0"]
[WhiteElo "1957"]
[BlackElo "1554"]
[EventDate "2019.02.09"]
[EventType "swiss"]
[EventRounds "7"]
[EventCountry "DEN"]

1. e4 e5 2. Nc3 Nf6 3. Nf3 d6 4. g3 Be7 5. Bg2 c6 6. O-O O-O 7. h3 Na6 8. d4
exd4 9. Nxd4 Nc7 10. Re1 Re8 11. a4 a5 12. Be3 Bd7 13. g4 g6 14. Qf3 c5 15. Nb3
Bc6 16. Rad1 Qc8 17. Bf4 Ra6 18. Qg3 Bd7 19. Bxd6 Bxd6 20. Rxd6 Rxd6 21. Qxd6
Ne6 22. e5 Nf4 23. Qxf6 Nxg2 24. Kxg2 1-0

[Event "Senior DM 2019-50+"]
[Site "Aarhus"]
[Date "2019.02.11"]
[Round "1"]
[White "Friis, Henrik"]
[Black "Johansen, Alexander Mikkel Jo"]
[Result "0-1"]
[WhiteElo "1781"]
[BlackElo "1953"]
[EventDate "2019.02.09"]
[EventType "swiss"]
[EventRounds "7"]
[EventCountry "DEN"]

1. e4 c5 2. Nc3 Nc6 3. g3 g6 4. Bg2 Bg7 5. d3 e6 6. Nf3 Nge7 7. O-O O-O 8. Re1
d5 9. Qe2 h6 10. a4 b6 11. h4 Bb7 12. Nh2 Nd4 13. Qd1 f5 14. e5 Nec6 15. Nb5
Nxb5 16. axb5 Nd4 17. c4 Qd7 18. f4 Rfd8 19. Be3 dxc4 20. Bxb7 Qxb7 21. dxc4
Nxb5 22. Qf3 Qxf3 23. Nxf3 Nc7 24. Red1 a5 25. b3 Bf8 26. Kf2 Na6 27. Ke2 Nb4
28. Rxd8 Rxd8 29. Rd1 Rxd1 30. Kxd1 Kf7 31. Kd2 Ke8 32. Kc3 Kd7 33. Nd2 Kc6 34.
Nb1 Na6 35. Na3 Nc7 36. Nc2 Be7 37. Kd3 b5 38. Na3 b4 39. Nc2 Na8 40. Ne1 Nb6
41. Kc2 a4 42. Nd3 a3 43. Nc1 Nd7 44. Nd3 Nf8 45. Bc1 Nh7 46. Be3 g5 47. h5 g4
48. Ne1 Nf8 49. Ng2 Nd7 50. Bc1 Nb6 51. Ne3 Na8 52. Nxg4 fxg4 53. f5 Bf8 54.
fxe6 Nc7 55. e7 Bg7 56. e6 Ne8 57. Kb1 Kd6 58. Be3 Bd4 59. Bxh6 Kxe7 60. Bf4
Kxe6 61. h6 Nf6 0-1

[Event "Senior DM 2019-50+"]
[Site "Aarhus"]
[Date "2019.02.11"]
[Round "1"]
[White "Gronhoj, Benny"]
[Black "Rewitz, Poul"]
[Result "0-1"]
[WhiteElo "1984"]
[BlackElo "2227"]
[EventDate "2019.02.09"]
[EventType "swiss"]
[EventRounds "7"]
[EventCountry "DEN"]

1. b3 e5 2. Bb2 Nc6 3. e3 Nf6 4. Nf3 d6 5. d4 exd4 6. Nxd4 g6 7. Nxc6 bxc6 8.
Qf3 Bg7 9. Qxc6+ Bd7 10. Qf3 O-O 11. Nc3 Bg4 12. Qc6 Rb8 13. Be2 Rb6 14. Qc4 d5
15. Qd3 Bf5 16. Qd2 Ne4 17. Nxe4 Bxb2 18. Rb1 Bxe4 19. Rxb2 Bxg2 20. Rg1 Be4
21. Bd3 Qf6 22. Rb1 Rd8 23. Rg4 Rbd6 24. h4 Re8 25. Qa5 Qf3 26. Rf4 Qh1+ 27.
Bf1 Rc6 28. Rc1 d4 29. Kd2 dxe3+ 30. fxe3 Qh2+ 31. Ke1 Qg3+ 32. Kd2 Rd6+ 33.
Bd3 Bxd3 34. Qxa7 Bf5+ 35. Ke2 Qxf4 0-1

[Event "Senior DM 2019-50+"]
[Site "Aarhus"]
[Date "2019.02.11"]
[Round "1"]
[White "Horslund, Mikael"]
[Black "Nielsen, Carsten Juul"]
[Result "0-1"]
[WhiteElo "1696"]
[BlackElo "1913"]
[EventDate "2019.02.09"]
[EventType "swiss"]
[EventRounds "7"]
[EventCountry "DEN"]

1. e4 e5 2. Nf3 Nc6 3. d4 exd4 4. Bc4 Nf6 5. e5 d5 6. Bb5 Ne4 7. O-O Bd7 8.
Bxc6 bxc6 9. Nxd4 g6 10. Nd2 Nxd2 11. Bxd2 Bg7 12. Bb4 Bf8 13. Bxf8 Kxf8 14.
Re1 Qe7 15. Qd2 Kg7 16. Qa5 c5 17. Nb3 c4 18. Nc5 Be6 19. b4 Rhd8 20. c3 d4 21.
cxd4 Rxd4 22. Rad1 Rad8 23. Rc1 Bd5 24. h3 Qg5 25. g3 Qh5 0-1

[Event "Senior DM 2019-50+"]
[Site "Aarhus"]
[Date "2019.02.11"]
[Round "1"]
[White "Lindestrom, Torsten"]
[Black "Westenborg, Allan"]
[Result "1-0"]
[WhiteElo "2198"]
[BlackElo "1893"]
[EventDate "2019.02.09"]
[EventType "swiss"]
[EventRounds "7"]
[EventCountry "DEN"]

1. d4 Nf6 2. Bg5 Ne4 3. Bf4 e6 4. f3 Nf6 5. e4 d5 6. e5 Nfd7 7. c3 c5 8. Be3
Nc6 9. f4 Qb6 10. Qd2 Be7 11. Nf3 f6 12. Bd3 c4 13. Bc2 Qa6 14. O-O O-O 15. Qe2
b5 16. b3 Qb6 17. Nbd2 a5 18. bxc4 bxc4 19. Rab1 Qc7 20. exf6 Nxf6 21. Ne5 Ba6
22. g4 Nd7 23. Nxd7 Qxd7 24. Qg2 e5 25. fxe5 Rxf1+ 26. Rxf1 g6 27. Nf3 Rf8 28.
Ng5 Rxf1+ 29. Kxf1 Bxg5 30. Bxg5 Nd8 31. Qf3 Ne6 32. Bc1 Bc8 33. Qf6 Qe8 34.
Ba3 Bd7 35. h3 a4 36. Kg2 Qf7 37. h4 Nf4+ 38. Kf3 Ne6 39. Kg3 Qe8 40. Bc1 Qf7
41. Bd1 Qxf6 42. exf6 Kf7 43. g5 Kf8 44. Bf3 Bc6 45. Bf4 Kf7 46. Bd6 Ke8 47.
Kf2 Kd7 48. Be5 Ke8 49. Ke3 Kf7 50. Kd2 Nf8 51. Kc2 Nd7 52. Kb2 Ke6 53. Bg4+
Kf7 54. Ka3 Nxe5 55. dxe5 d4 56. e6+ Kf8 57. cxd4 c3 58. Bd1 Be4 59. Kxa4 c2
60. Bxc2 Bxc2+ 1-0

[Event "Senior DM 2019-50+"]
[Site "Aarhus"]
[Date "2019.02.11"]
[Round "1"]
[White "Munch, Anders"]
[Black "David, Anton"]
[Result "1-0"]
[WhiteElo "2014"]
[BlackElo "1820"]
[EventDate "2019.02.09"]
[EventType "swiss"]
[EventRounds "7"]
[EventCountry "DEN"]

1. d4 d5 2. c4 e6 3. Nf3 Nf6 4. Nc3 Be7 5. Bf4 a6 6. e3 Nbd7 7. Rc1 c6 8. c5 b6
9. b4 Bb7 10. Bd3 b5 11. O-O a5 12. a3 axb4 13. axb4 Nf8 14. Nxb5 Ng6 15. Nc7+
Kf8 16. Nxa8 Nxf4 17. exf4 Qxa8 18. Ra1 Qc8 19. Ne5 g6 20. Ra7 Nh5 21. Qd2 Bf6
22. Rfa1 Kg7 23. g4 Rg8 24. gxh5 1-0

[Event "Senior DM 2019-50+"]
[Site "Aarhus"]
[Date "2019.02.11"]
[Round "1"]
[White "Rosenberg, Jan"]
[Black "Lilja, Richard"]
[Result "0-1"]
[WhiteElo "1857"]
[BlackElo "2138"]
[EventDate "2019.02.09"]
[EventType "swiss"]
[EventRounds "7"]
[EventCountry "DEN"]

1. d4 Nf6 2. Nf3 g6 3. c3 Bg7 4. Bf4 O-O 5. Nbd2 Nh5 6. Bg5 h6 7. Bh4 d6 8. e3
Qe8 9. Qb3 a5 10. h3 a4 11. Qa3 f5 12. Bc4+ Kh8 13. O-O-O b5 14. Be2 Ba6 15.
Rde1 g5 16. g4 Nf6 17. Bg3 fxg4 18. hxg4 Qc6 19. Qb4 Nd5 20. Qa5 b4 21. c4 Bxc4
22. Qxa8 Qxa8 23. Bxc4 Nb6 24. Nxg5 Nxc4 25. Nxc4 Qc6 26. b3 d5 27. Kb1 dxc4
28. bxc4 Qg6+ 0-1

[Event "Senior DM 2019-50+"]
[Site "Aarhus"]
[Date "2019.02.11"]
[Round "1"]
[White "Vang, Frank Lennart"]
[Black "Poulsen, Knud"]
[Result "1-0"]
[WhiteElo "1955"]
[BlackElo "1747"]
[EventDate "2019.02.09"]
[EventType "swiss"]
[EventRounds "7"]
[EventCountry "DEN"]

1. Nf3 Nf6 2. d4 e6 3. Bg5 Bb4+ 4. c3 Be7 5. Nbd2 d6 6. e3 Nbd7 7. a4 Rb8 8.
Bd3 a6 9. Qe2 e5 10. Rd1 e4 11. Bxe4 Nxe4 12. Nxe4 f6 13. Bf4 Nb6 14. a5 Nd5
15. Bg3 Bf5 16. Ned2 O-O 17. e4 Re8 18. O-O Nxc3 19. bxc3 Bf8 20. Qc4+ Be6 21.
d5 Bd7 22. Nd4 Kh8 23. Rb1 b5 24. axb6 cxb6 25. Qxa6 Qc7 26. Qd3 g6 27. Bf4 g5
28. Be3 Bg4 29. f3 Bh5 30. Nc6 Rb7 31. Bd4 Qg7 32. g4 Bg6 33. h4 gxh4 34. Kf2
Kg8 35. g5 Qd7 36. gxf6 Qh3 37. Rg1 Bh6 38. Be3 Bxe3+ 39. Qxe3 Kf7 40. Qf4 Qd7
41. Qxh4 Ra8 42. Rb2 Re8 43. Qf4 Qc7 44. Nc4 Kg8 45. Qxd6 Qc8 46. Qg3 Kf8 47.
Nd6 Qd7 48. Nxe8 Kxe8 49. Qe5+ Kf8 50. Qe7+ Qxe7 51. fxe7+ Ke8 52. Rxg6 1-0

[Event "Senior DM 2019-50+"]
[Site "Aarhus"]
[Date "2019.02.12"]
[Round "2"]
[White "David, Anton"]
[Black "Horslund, Mikael"]
[Result "1-0"]
[WhiteElo "1820"]
[BlackElo "1696"]
[EventDate "2019.02.09"]
[EventType "swiss"]
[EventRounds "7"]
[EventCountry "DEN"]

1. d4 d6 2. c4 e5 3. d5 f5 4. Nc3 Nf6 5. Bg5 Be7 6. Nf3 Na6 7. b4 h6 8. Bxf6
Bxf6 9. e4 O-O 10. a3 f4 11. Be2 c5 12. Qb3 g5 13. Nd2 Qe8 14. Nb5 Be7 15. h3
h5 16. Qd1 h4 17. Bh5 Qd8 18. Bg6 Kg7 19. Bh5 cxb4 20. axb4 Nxb4 21. Qb3 Na6
22. Bg4 Nc5 23. Qa3 Bxg4 24. hxg4 a6 25. Nc3 Qd7 26. f3 Bd8 27. Ke2 Bb6 28.
Rhb1 Ba7 29. Na4 Nxa4 30. Qxa4 Qxa4 31. Rxa4 Be3 32. Rxb7+ Rf7 33. Rxf7+ Kxf7
34. Kd3 Ke7 35. Nb3 Kd7 36. c5 dxc5 37. Kc4 Kd6 38. Ra5 Ra7 39. Nxc5 Bxc5 40.
Rxc5 h3 41. Rc6+ 1-0

[Event "Senior DM 2019-50+"]
[Site "Aarhus"]
[Date "2019.02.12"]
[Round "2"]
[White "Johansen, Alexander Mikkel Jo"]
[Black "Lindestrom, Torsten"]
[Result "0-1"]
[WhiteElo "1953"]
[BlackElo "2198"]
[EventDate "2019.02.09"]
[EventType "swiss"]
[EventRounds "7"]
[EventCountry "DEN"]

1. e4 d5 2. exd5 Qxd5 3. Nc3 Qd6 4. d4 Nf6 5. Nf3 a6 6. Be2 b5 7. a3 Bb7 8. O-O
Nbd7 9. Re1 e6 10. Bg5 Be7 11. Bh4 O-O 12. Bg3 Qb6 13. Ne5 Rfd8 14. Bd3 c5 15.
Nxd7 Rxd7 16. dxc5 Bxc5 17. Qe2 Rad8 18. Bh4 Bd4 19. Ne4 Bxe4 20. Bxe4 Bxb2 21.
Bxf6 Bxf6 22. Rad1 Qc5 23. Rxd7 Rxd7 24. a4 bxa4 25. Qxa6 Qb4 26. c3 Qxc3 27.
Rb1 Qd4 28. Rb8+ Rd8 29. Rxd8+ Bxd8 30. Bd3 g6 31. g3 Bb6 32. Qc8+ Kg7 33. Qc2
a3 34. Bc4 Kf6 35. Qe2 g5 36. Qf3+ Ke5 37. Qe2+ Qe4 38. Qa2 g4 39. Qa1+ Bd4 40.
Qa2 Qe1+ 41. Kg2 h5 42. Bb3 Bc5 43. Qc2 Qe4+ 44. Qxe4+ Kxe4 0-1

[Event "Senior DM 2019-50+"]
[Site "Aarhus"]
[Date "2019.02.12"]
[Round "2"]
[White "Lilja, Richard"]
[Black "Cordes, Steffen"]
[Result "1/2-1/2"]
[WhiteElo "2138"]
[BlackElo "1957"]
[EventDate "2019.02.09"]
[EventType "swiss"]
[EventRounds "7"]
[EventCountry "DEN"]

1. e4 c5 2. Nc3 g6 3. d4 Bg7 4. dxc5 Qa5 5. Bd2 Qxc5 6. Nd5 Na6 7. Nf3 Nc7 8.
Bb4 Qc6 9. Nd4 Bxd4 10. Qxd4 f6 11. O-O-O d6 12. Bc4 Ne6 13. Qd3 Bd7 14. Nc3
Nh6 15. Bb5 Qc8 16. Qh3 Bxb5 17. Nxb5 Nf7 18. Qxe6 Qxe6 19. Nc7+ Kd7 20. Nxe6
Kxe6 21. f4 Rac8 22. Rhe1 Rc6 23. Rd3 Rhc8 24. Re2 b6 25. Rh3 h5 26. Bc3 Rc5
27. f5+ gxf5 28. exf5+ Kxf5 29. Rxe7 Ng5 30. Rxh5 Kg6 31. Rh4 a5 32. Rd4 d5 33.
Rd7 Ne4 34. R7xd5 Nxc3 35. Rg4+ Kf7 36. Rxc5 Nxa2+ 37. Kb1 Rxc5 38. Kxa2 Rxc2
39. h4 Rc5 40. Ka3 Re5 41. Ka4 Rh5 42. g3 Re5 43. Rf4 Kg6 44. Rf3 Re4+ 45. Ka3
b5 46. h5+ Kxh5 47. Rf5+ Kg4 48. Rxf6 Kxg3 49. Ra6 Ra4+ 50. Kb3 Kf3 51. Kc3
Rc4+ 52. Kd3 a4 53. Rf6+ Kg4 54. Rd6 Kf3 55. Rf6+ Kg4 56. Rd6 Kf3 57. Rf6+
1/2-1/2

[Event "Senior DM 2019-50+"]
[Site "Aarhus"]
[Date "2019.02.12"]
[Round "2"]
[White "Nielsen, Carsten Juul"]
[Black "Munch, Anders"]
[Result "0-1"]
[WhiteElo "1913"]
[BlackElo "2014"]
[EventDate "2019.02.09"]
[EventType "swiss"]
[EventRounds "7"]
[EventCountry "DEN"]

1. d4 d5 2. c4 e6 3. Nc3 Nf6 4. Nf3 c6 5. e3 Bd6 6. Bd3 Nbd7 7. cxd5 exd5 8.
O-O O-O 9. b3 Re8 10. Qc2 Nf8 11. h3 Ne6 12. Bb2 h6 13. a3 Ng5 14. Nxg5 hxg5
15. Bf5 g4 16. h4 Nh5 17. g3 Nxg3 18. fxg3 Rxe3 19. Ne2 Bxg3 20. Bh7+ Kh8 21.
Rxf7 Be6 22. Kg2 Bxf7 0-1

[Event "Senior DM 2019-50+"]
[Site "Aarhus"]
[Date "2019.02.12"]
[Round "2"]
[White "Poulsen, Knud"]
[Black "Gronhoj, Benny"]
[Result "0-1"]
[WhiteElo "1747"]
[BlackElo "1984"]
[EventDate "2019.02.09"]
[EventType "swiss"]
[EventRounds "7"]
[EventCountry "DEN"]

1. c4 Nf6 2. Nc3 e5 3. g3 Bb4 4. Bg2 O-O 5. e4 c6 6. Nge2 d6 7. a3 Ba5 8. O-O
Be6 9. d3 Nbd7 10. h3 Bb6 11. Kh2 Ne8 12. f4 f5 13. b3 fxe4 14. Nxe4 exf4 15.
Nxf4 Bf7 16. Bb2 d5 17. cxd5 cxd5 18. Nd2 Ndf6 19. d4 Nd6 20. Nf3 Nf5 21. Qd3
Ne4 22. g4 Nfg3 23. Rg1 Qf6 24. Bc1 Rac8 25. g5 Qd6 26. Ne5 Rc3 27. Qd1 Rfc8
28. Bxe4 Nxe4 29. Nxf7 Kxf7 30. g6+ hxg6 31. Rxg6 Rxh3+ 32. Kg2 Rch8 33. Rxd6
Rg3+ 34. Kf1 Rh1+ 35. Ke2 Rh2+ 36. Kf1 Rf2+ 0-1

[Event "Senior DM 2019-50+"]
[Site "Aarhus"]
[Date "2019.02.12"]
[Round "2"]
[White "Rewitz, Poul"]
[Black "Vang, Frank Lennart"]
[Result "1/2-1/2"]
[WhiteElo "2227"]
[BlackElo "1955"]
[EventDate "2019.02.09"]
[EventType "swiss"]
[EventRounds "7"]
[EventCountry "DEN"]

1. Nf3 Nf6 2. g3 g6 3. b3 Bg7 4. Bb2 O-O 5. Bg2 d6 6. d4 c6 7. Nbd2 Bf5 8. O-O
Ne4 9. c4 d5 10. Re1 Bh6 11. e3 Nd7 12. Nh4 Nxd2 13. Nxf5 gxf5 14. Qxd2 Nf6 15.
Rec1 Qd7 16. a4 Rac8 17. a5 a6 18. Ba3 Rfe8 19. Qb4 Bf8 20. Qa4 Bg7 21. Ra2 e6
22. Rac2 Kh8 23. Bc5 Rg8 24. Qb4 Ne4 25. Bb6 Bf8 26. Qe1 Ba3 27. Ra1 Bd6 28.
Qe2 Nf6 29. Rac1 Ba3 30. Rd1 Bd6 31. Bc5 Bc7 32. Bb4 Rg7 33. Rdc1 Rcg8 34. Be1
Bd6 35. cxd5 cxd5 36. Rc3 Rd8 37. Qa2 Rgg8 38. Qa4 Qe7 39. R3c2 h5 40. h4 Ne4
41. Kf1 Kh7 42. Bf3 Nf6 43. b4 Ng4 44. Ke2 Rb8 45. Qb3 b6 46. Qd3 bxa5 47. bxa5
Rb5 48. Rc6 Rgb8 49. Bxg4 hxg4 50. Rxa6 Rb3 51. Qd1 Qb7 52. Rb6 Rxb6 53. axb6
Qxb6 54. Kf1 Qa6+ 55. Qe2 Qa3 56. Qc2 Kg6 57. Kg2 Rb2 58. Qc3 Rb3 59. Qc6 Rb2
60. Rc3 Qa1 61. Rc1 Qa3 62. Rc2 Rb1 63. Qe8 Rb8 64. h5+ Kg7 65. Rc8 Rxc8 66.
Qxc8 Bf8 67. Qc7 Qd6 68. Qb7 Qe7 69. Qb8 Qd6 70. Qe8 Qe7 71. Qb8 Qd6 72. Qe8
Qe7 73. Qc8 Qg5 74. Ba5 Be7 75. Qe8 Bf6 76. Bb4 Qxh5 77. Bf8+ Kg6 78. Bd6 Qh3+
79. Kg1 Qh8 80. Qxh8 Bxh8 81. Kf1 f6 82. Ke2 Bg7 83. Kd3 Kf7 84. Kc3 e5 85. Kb4
Ke6 86. Kc5 Bh6 87. Kc6 exd4 88. exd4 Bd2 89. Bf4 Bc3 90. Kc5 Be1 1/2-1/2

[Event "Senior DM 2019-50+"]
[Site "Aarhus"]
[Date "2019.02.12"]
[Round "2"]
[White "Starup, Leo"]
[Black "Rosenberg, Jan"]
[Result "0-1"]
[WhiteElo "1554"]
[BlackElo "1857"]
[EventDate "2019.02.09"]
[EventType "swiss"]
[EventRounds "7"]
[EventCountry "DEN"]

1. d4 Nf6 2. c4 c5 3. Nf3 cxd4 4. Qxd4 Nc6 5. Qh4 d5 6. cxd5 Nxd5 7. e3 Ndb4 8.
Na3 a6 9. Be2 Nd3+ 10. Bxd3 Qxd3 11. Qc4 Bf5 12. Bd2 Rd8 13. O-O-O Rc8 14. Bc3
Qxc4 15. Nxc4 b5 16. Nb6 Rb8 17. Nd5 f6 18. b4 e6 19. Nc7+ Kf7 20. Nd4 Nxd4 21.
Rxd4 e5 22. Rd2 Rc8 23. Nd5 Bxb4 24. Kb2 Bxc3+ 25. Nxc3 b4 26. Ne2 Rc6 27. Rc1
Rxc1 28. Nxc1 Rc8 29. Nb3 Ke7 30. Na5 Be6 31. Rc2 Rxc2+ 32. Kxc2 Bd5 33. f3 Kd6
34. Nb3 Kc6 35. e4 Be6 36. g3 g5 37. h4 h5 38. Kd2 Kb5 39. f4 gxh4 40. gxh4
Bxb3 41. axb3 exf4 42. Ke2 a5 0-1

[Event "Senior DM 2019-50+"]
[Site "Aarhus"]
[Date "2019.02.12"]
[Round "2"]
[White "Westenborg, Allan"]
[Black "Friis, Henrik"]
[Result "1/2-1/2"]
[WhiteElo "1893"]
[BlackElo "1781"]
[EventDate "2019.02.09"]
[EventType "swiss"]
[EventRounds "7"]
[EventCountry "DEN"]

1. d4 Nf6 2. Bf4 g6 3. Nc3 d5 4. Nb5 Na6 5. a4 c6 6. Nc3 Bg7 7. e3 Nb8 8. Bd3
Nbd7 9. Nf3 O-O 10. h3 a6 11. Bh2 c5 12. dxc5 Nxc5 13. O-O e6 14. Qe2 Bd7 15.
Bd6 Nxd3 16. Bxf8 Nxb2 17. Bxg7 Kxg7 18. Rfb1 Nc4 19. e4 Bc6 20. Rd1 Qc7 21.
exd5 Bxd5 22. Nxd5 Nxd5 23. Rd4 Rc8 24. g3 Nc3 25. Qe1 Nd6 26. Qe5+ f6 27. Qxd6
Ne2+ 28. Kg2 Nxd4 29. Qxc7+ Rxc7 30. Nxd4 Kf7 31. Ra2 e5 32. Ne2 Ke6 33. Rb2 b5
34. axb5 axb5 35. c3 Rc5 36. Ra2 Rc6 37. Ra7 h5 38. Rg7 Kf5 39. f4 Rd6 40. g4+
hxg4 41. hxg4+ Kxg4 42. Rxg6+ Kf5 43. fxe5 Kxe5 44. Rg4 Kd5 45. Rd4+ Kc5 46.
Rf4 Rb6 47. Nc1 Kd5 48. Kf3 f5 49. Ke3 Re6+ 50. Kd3 Ke5 51. Rb4 Rd6+ 52. Ke2
Rd5 53. Nd3+ Kd6 54. Ke3 Kc6 55. Rh4 Kb6 56. Rh6+ Ka5 57. Ra6+ Kxa6 58. Nb4+
Kb6 59. Nxd5+ Kc5 60. Nb4 Kc4 61. Kd2 f4 62. Nd3 Kb3 63. Ne5 f3 64. Nxf3 b4 65.
Nd4+ Kc4 1/2-1/2

[Event "Senior DM 2019-50+"]
[Site "Aarhus"]
[Date "2019.02.13"]
[Round "3"]
[White "Cordes, Steffen"]
[Black "Rewitz, Poul"]
[Result "0-1"]
[WhiteElo "1957"]
[BlackElo "2227"]
[EventDate "2019.02.09"]
[EventType "swiss"]
[EventRounds "7"]
[EventCountry "DEN"]

1. e4 c5 2. Nc3 Nc6 3. Nf3 Nf6 4. d4 cxd4 5. Nxd4 e5 6. Ndb5 d6 7. Bg5 a6 8.
Na3 b5 9. Nd5 Be7 10. Bxf6 Bxf6 11. c3 Rb8 12. Nc2 Bg5 13. Be2 O-O 14. O-O Kh8
15. Qd3 Be6 16. Rfd1 f5 17. Bf3 Ne7 18. Ncb4 Bxd5 19. Nxd5 f4 20. Bg4 Nxd5 21.
Qxd5 Be7 22. Rd3 Rf6 23. Rh3 Qb6 24. Bf5 g6 25. Be6 Kg7 26. a3 h5 27. Qb3 Rbf8
28. Rd3 f3 29. g3 h4 30. Bg4 Qc5 31. Re1 Bd8 32. Qd1 Bb6 33. Ree3 Qc4 34. Re1
Qc5 35. Ree3 Qc4 36. Re1 a5 37. b3 Qc5 38. Qd2 Qxa3 39. c4 Bc5 40. Rd1 hxg3 41.
hxg3 bxc4 42. bxc4 Qa4 43. Rc1 Qc6 44. Rd5 a4 45. Rb1 Qa6 46. Qc2 a3 47. Qa2
Qa7 48. Rd3 Rb8 49. Rdb3 Rff8 50. Be6 Rxb3 51. Rxb3 Qa5 52. Rb1 Qc3 53. Bd5 Kf6
54. Bc6 Rh8 55. Bd7 Qd3 56. Re1 Rb8 57. Bb5 g5 0-1

[Event "Senior DM 2019-50+"]
[Site "Aarhus"]
[Date "2019.02.13"]
[Round "3"]
[White "Friis, Henrik"]
[Black "David, Anton"]
[Result "1/2-1/2"]
[WhiteElo "1781"]
[BlackElo "1820"]
[EventDate "2019.02.09"]
[EventType "swiss"]
[EventRounds "7"]
[EventCountry "DEN"]

1. Nf3 d5 2. g3 b6 3. Bg2 Bb7 4. O-O Nf6 5. d4 e6 6. a4 Nbd7 7. Nbd2 c5 8. c3
Be7 9. Re1 O-O 10. b3 Re8 11. Bb2 cxd4 12. Nxd4 Bf8 13. c4 Qb8 14. cxd5 Nxd5
15. e4 Nb4 16. Nc4 Nc5 17. Bc3 Nc6 18. Nxc6 Bxc6 19. Ne5 Bb7 20. Qf3 f5 21. Qh5
Qc7 22. Rac1 g6 23. Nxg6 hxg6 24. Qxg6+ Bg7 25. exf5 Qf7 26. Qg4 exf5 27. Rxe8+
Rxe8 28. Qg5 Bxg2 29. Kxg2 Ne6 30. Qd2 Bxc3 31. Qxc3 Nc5 32. b4 Qb7+ 33. Kg1
Ne6 34. Qf6 1/2-1/2

[Event "Senior DM 2019-50+"]
[Site "Aarhus"]
[Date "2019.02.13"]
[Round "3"]
[White "Gronhoj, Benny"]
[Black "Johansen, Alexander Mikkel Jo"]
[Result "1-0"]
[WhiteElo "1984"]
[BlackElo "1953"]
[EventDate "2019.02.09"]
[EventType "swiss"]
[EventRounds "7"]
[EventCountry "DEN"]

1. b3 e5 2. Bb2 Nc6 3. e3 Nf6 4. Nf3 d6 5. d4 exd4 6. Nxd4 Nxd4 7. Qxd4 Be7 8.
Nc3 c6 9. Be2 d5 10. O-O O-O 11. Rad1 Bf5 12. e4 Bxe4 13. Nxe4 dxe4 14. Qe5 Qe8
15. Rd4 Bd8 16. Rxe4 Qxe5 17. Rxe5 Nd5 18. c4 Nf4 19. g3 Nxe2+ 20. Rxe2 Bb6 21.
Rfe1 Rfd8 22. b4 c5 23. a3 h6 24. Kf1 Rac8 25. b5 Ba5 26. Rc1 Rd7 27. Bc3 Bxc3
28. Rxc3 f6 29. Re6 Rcd8 30. Rce3 Rd3 31. Re8+ Rxe8 32. Rxd3 Re7 33. a4 b6 34.
f3 Kf7 35. Kf2 g6 36. f4 f5 37. a5 bxa5 38. Ra3 Re4 39. Rxa5 Rxc4 40. Rxa7+ Kg8
41. b6 Rb4 42. b7 1-0

[Event "Senior DM 2019-50+"]
[Site "Aarhus"]
[Date "2019.02.13"]
[Round "3"]
[White "Horslund, Mikael"]
[Black "Starup, Leo"]
[Result "1-0"]
[WhiteElo "1696"]
[BlackElo "1554"]
[EventDate "2019.02.09"]
[EventType "swiss"]
[EventRounds "7"]
[EventCountry "DEN"]

1. Nf3 d5 2. b3 Nf6 3. Bb2 Bg4 4. e3 e6 5. d4 Nbd7 6. Be2 Be7 7. O-O O-O 8.
Nbd2 h6 9. c4 c6 10. Bd3 Re8 11. Qc2 Bh5 12. Rac1 Rc8 13. Qb1 Nf8 14. Ne5 Bd6
15. e4 Bb8 16. f3 Bg6 17. Nxg6 Nxg6 18. e5 Nf4 19. exf6 Qxf6 20. g3 Qg5 21. Kh1
Nh3 22. f4 Qg4 23. Nf3 f6 24. Bg6 Re7 25. Ba3 Rd7 26. Rce1 b6 27. Rxe6 Qxe6 28.
Bf5 Qe2 29. Bxd7 Nf2+ 30. Rxf2 Qxf2 31. Be6+ Kh8 32. Nh4 g5 33. Be7 Qxd4 34.
fxg5 hxg5 35. Nf3 Qc3 36. Qf5 Kg7 37. Bxc8 1-0

[Event "Senior DM 2019-50+"]
[Site "Aarhus"]
[Date "2019.02.13"]
[Round "3"]
[White "Lindestrom, Torsten"]
[Black "Munch, Anders"]
[Result "1/2-1/2"]
[WhiteElo "2198"]
[BlackElo "2014"]
[EventDate "2019.02.09"]
[EventType "swiss"]
[EventRounds "7"]
[EventCountry "DEN"]

1. d4 d5 2. Nf3 Nf6 3. g3 c6 4. Bg2 Bf5 5. Nbd2 Nbd7 6. Nh4 Bg6 7. O-O Qb6 8.
c3 e6 9. Nxg6 hxg6 10. e4 dxe4 11. Nxe4 Nxe4 12. Bxe4 Nf6 13. Bf3 Rd8 14. Qe2
Be7 15. Bg5 O-O 16. h4 Rd7 17. Kg2 Rfd8 18. Rae1 c5 19. dxc5 Qxc5 20. Be3 Qc7
21. Qb5 b6 22. Bf4 Qc8 23. Rd1 Nd5 24. Bc1 a6 25. Qb3 b5 26. a4 Qc6 27. axb5
axb5 28. Rd4 Bf6 29. Rb4 Rb7 30. Rd1 Qc5 31. Bxd5 exd5 32. Bg5 Bxg5 33. hxg5 d4
34. Rbxd4 Rxd4 35. Rxd4 Qxg5 36. Qd1 Rb8 37. Rd5 Qe7 38. Rd7 Qe4+ 39. Qf3 Qe6
40. Qd5 Qxd5+ 41. Rxd5 Kf8 42. Rd7 g5 43. Kf3 f6 44. Rc7 Kg8 45. Kg4 Kh7 46.
Kf5 Re8 47. f4 gxf4 48. gxf4 Re2 49. b4 Re3 50. Rc5 Kh6 51. Rxb5 Rxc3 52. Rb8
Kh7 53. Rb7 Rc6 54. b5 Rd6 55. Ke4 Rd1 56. b6 Re1+ 57. Kf5 Rb1 58. Rb8 Rb5+ 59.
Kg4 1/2-1/2

[Event "Senior DM 2019-50+"]
[Site "Aarhus"]
[Date "2019.02.13"]
[Round "3"]
[White "Poulsen, Knud"]
[Black "Westenborg, Allan"]
[Result "0-1"]
[WhiteElo "1747"]
[BlackElo "1893"]
[EventDate "2019.02.09"]
[EventType "swiss"]
[EventRounds "7"]
[EventCountry "DEN"]

1. c4 e5 2. e4 Nc6 3. Nf3 Bc5 4. Nc3 a6 5. d3 d6 6. h3 Nge7 7. a3 Bd7 8. Be2
Rb8 9. b4 Bd4 10. Nxd4 Nxd4 11. a4 Nec6 12. Rb1 O-O 13. h4 Qe8 14. Nd5 Nxe2 15.
Qxe2 Nd4 16. Qh5 c6 17. Ne3 f5 18. Qxe8 Rbxe8 19. b5 axb5 20. axb5 cxb5 21. f3
f4 22. Nd5 Bc6 23. Nb6 Rf6 24. Kf2 bxc4 25. dxc4 Rh6 26. Bd2 Kf7 27. Rb2 Rh5
28. Be1 h6 29. g4 fxg3+ 30. Kxg3 Ke6 31. Kg4 g6 32. Bc3 Rf8 33. Bxd4 exd4 34.
Rd2 Ke5 35. Nd5 Bd7+ 36. Kg3 g5 37. Rd3 gxh4+ 38. Kh2 Ra8 39. Re1 Ra2+ 40. Kh1
Bc6 41. f4+ Ke6 42. Rxd4 h3 43. Rf1 Rh4 44. Rd3 Rc2 45. Rd4 Re2 46. Rg1 Kf7 47.
Rg3 h2 48. Re3 Rxe3 49. Nxe3 Rxf4 50. Nd5 Rh4 51. Nc3 Ke6 52. Nd5 Ke5 53. Rd2
Kxe4 54. Re2+ Kd3 55. Re3+ Kxc4 0-1

[Event "Senior DM 2019-50+"]
[Site "Aarhus"]
[Date "2019.02.13"]
[Round "3"]
[White "Rosenberg, Jan"]
[Black "Nielsen, Carsten Juul"]
[Result "1-0"]
[WhiteElo "1857"]
[BlackElo "1913"]
[EventDate "2019.02.09"]
[EventType "swiss"]
[EventRounds "7"]
[EventCountry "DEN"]

1. d4 Nf6 2. Nf3 e6 3. Bf4 b6 4. e3 Bb7 5. Nbd2 Be7 6. c3 d6 7. Qc2 c5 8. dxc5
bxc5 9. Bb5+ Nbd7 10. Rd1 Qb6 11. Bxd7+ Nxd7 12. Nc4 Qa6 13. Nxd6+ Bxd6 14.
Rxd6 Nb6 15. b3 O-O 16. Ng5 g6 17. e4 Rfd8 18. f3 Rxd6 19. Bxd6 Nd7 20. Qd2 e5
21. Kf2 Re8 22. Rd1 Bc6 23. Bc7 f6 24. Nh3 Qb7 25. Ba5 Re6 26. Kg1 c4 27. b4
Kg7 28. Nf2 h5 29. Qc2 Qb8 30. Rd2 Rd6 31. Qd1 Ba4 32. Rxd6 1-0

[Event "Senior DM 2019-50+"]
[Site "Aarhus"]
[Date "2019.02.13"]
[Round "3"]
[White "Vang, Frank Lennart"]
[Black "Lilja, Richard"]
[Result "1-0"]
[WhiteElo "1955"]
[BlackElo "2138"]
[EventDate "2019.02.09"]
[EventType "swiss"]
[EventRounds "7"]
[EventCountry "DEN"]

1. b3 d5 2. Bb2 c5 3. e3 Nc6 4. Bb5 Bd7 5. f4 e6 6. Nf3 Nf6 7. O-O Be7 8. d3 a6
9. Bxc6 Bxc6 10. Ne5 O-O 11. Nxc6 bxc6 12. Nd2 Qb6 13. Kh1 c4 14. dxc4 Qxe3 15.
Rf3 Qb6 16. Rg3 Rad8 17. Qe2 d4 18. Rf1 Rfe8 19. Rd3 c5 20. Ne4 Qc6 21. Nxf6+
Bxf6 22. Qf3 Qxf3 23. gxf3 e5 24. Ba3 exf4 25. Bxc5 Re2 26. Rfd1 Re3 27. Kg2
Re2+ 28. Kh1 Rxc2 29. Bxd4 Bxd4 30. Rxd4 Rxd4 31. Rxd4 g6 32. a4 Rc3 33. b4
Rxf3 34. Kg2 Ra3 35. c5 Rxa4 36. Rc4 Ra2+ 37. Kf3 Rd2 38. Kxf4 Rd7 39. c6 Rd8
40. c7 Rc8 41. Ke5 f5 42. Kd6 g5 43. Kd7 Rf8 44. c8=Q Rxc8 45. Rxc8+ Kf7 46.
Ra8 f4 47. Rxa6 f3 48. b5 1-0